000
00342 a2200157 4500
001
191019
020
_a
978-85-66470-42-0
040
_c
Magnum
100
_a
Brasiliense, Leonardo
240
1
0
_a
Sofia e Mônica
_l
por
245
1
0
_a
Sofia e Mônica
300
_a
96
362
0
_a
2014
697
_a
LITERATURA INFANTO-JUVENIL
942
_c
BK
999
_c
191019
_d
191019